[Event "It (open)"]
[Site "masterchessopen.com – Montcada (Spain)"]
[Date "2009.06.27"]
[Round "2"]
[White "Narciso Dublan Marc (ESP)"]
[Black "Robles Garcia Claudia (ESP)"]
[Result "1-0"]
[WhiteElo "2553"]
[BlackElo "2242"]

1.d4 Nf6 2.Nf3 c5 3.d5 e6 4.c4 b5 5.dxe6 fxe6 6.cxb5 Bb7 7.e3 d5 8.Be2 Be7
9.O-O O-O 10.b3 Ne4 11.Bb2 Bf6 12.Qc2 Nd7 13.Nbd2 Nd6 14.Bxf6 Qxf6 15.Bd3 Qh6
16.e4 dxe4 17.Nxe4 Rxf3 18.Nxd6 Rh3 19.Bxh7+ Kf8 20.Qg6 Qf4 21.Qg3 {#r} 1-0

[Event "It (open)"]
[Site "masterchessopen.com – Ourense (Spain)"]
[Date "2009.07.08"]
[Round "2"]
[White "Rey Cid Jose (ESP)"]
[Black "Petkov Vladimir (BUL)"]
[Result "0-1"]
[WhiteElo "1923"]
[BlackElo "2429"]

1.d4 Nf6 2.Nf3 c5 3.d5 e6 4.c4 b5 5.cxb5 exd5 6.e4 dxe4 7.Nfd2 d5 8.Be2 Bd6
9.Nc3 O-O 10.Nxd5 Nxd5 11.Nxe4 Be7 12.O-O Be6 13.f4 f5 14.Ng5 Bxg5 15.fxg5 Nd7
16.Qe1 Qb6 17.Qg3 Rae8 18.Kh1 c4 19.Bxc4 Nc5 20.a4 f4 21.Qh4 Ne3 22.Bxe3 fxe3
23.Rxf8+ Rxf8 24.Bxe6+ Qxe6 25.a5 e2 26.b6 Rf1+ {#R} 0-1

[Event "It (open) (b)"]
[Site "masterchessopen.com – Senta (Serbia)"]
[Date "2009.07.19"]
[Round "2"]
[White "Pantic Ivica (SRB)"]
[Black "Vucinic Gojko (SRB)"]
[Result "1-0"]
[WhiteElo "2197"]
[BlackElo "1937"]

1.d4 Nf6 2.c4 c5 3.d5 b5 4.Nf3 e6 5.dxe6 fxe6 6.cxb5 d5 7.Bf4 Bd6 8.Bxd6 Qxd6
9.Nbd2 Bb7 10.e3 O-O 11.Bd3 e5 12.Nc4 Qe7 13.Ncxe5 c4 14.Be2 Ne4 15.O-O Rf5
16.Qd4 a6 17.a4 {#r} 1-0

[Event "Memorial M.Najdorf (open)"]
[Site "masterchessopen.com – Warsaw (Poland)"]
[Date "2009.07.23"]
[Round "6"]
[White "Nedilko Vasily (UKR)"]
[Black "Wojciechowski Piotr (POL)"]
[Result "1-0"]
[WhiteElo "2414"]
[BlackElo "2279"]

1.d4 Nf6 2.c4 e6 3.Nf3 c5 4.d5 b5 5.dxe6 fxe6 6.cxb5 d5 7.g3 Bd6 8.Bg2 a6
9.Nc3 axb5 10.Nxb5 Qa5+ 11.Nc3 O-O 12.O-O Ba6 13.Ng5 Nc6 14.Nxe6 {#r} 1-0

[Event "Ch Europe (seniors)"]
[Site "masterchessopen.com – Rogaska Slatina (Slovenia)"]
[Date "2009.07.24"]
[Round "3"]
[White "Krasevec Viktor (SLO)"]
[Black "Wicklund-Hansen Richard (NOR)"]
[Result "1-0"]
[WhiteElo "2027"]
[BlackElo "1893"]

1.d4 Nf6 2.c4 e6 3.Nf3 c5 4.d5 b5 5.dxe6 fxe6 6.e3 b4 7.Bd3 Bb7 8.Nbd2 Nc6
9.b3 Be7 10.Bb2 O-O 11.Qc2 h6 12.Rg1 d5 13.g4 Nd7 14.g5 h5 15.Bh7+ Kh8 16.Bg6
d4 17.Bxh5 Nce5 18.Rg3 Nxf3+ 19.Bxf3 Bxg5 20.Rh3+ Bh6 21.Bxb7 dxe3 22.Rxh6+
Kg8 23.Qh7+ Kf7 24.Qxg7+ Ke8 25.Rxe6+ {#r} 1-0

[Event "It (open)"]
[Site "masterchessopen.com – Cullera (Spain)"]
[Date "2009.07.27"]
[Round "6"]
[White "Fuset Torralba Jose Luis (ESP)"]
[Black "Benavent Espi Vicent (ESP)"]
[Result "1-0"]
[WhiteElo "1827"]
[BlackElo "2024"]

1.d4 Nf6 2.Nf3 c5 3.d5 e6 4.c4 b5 5.Bg5 d6 6.Nc3 b4 7.Ne4 e5 8.Ned2 Be7 9.Bxf6
Bxf6 10.e4 g5 11.h3 h5 12.a3 g4 13.hxg4 hxg4 14.Rxh8+ Bxh8 15.Ng1 a5 16.Ne2 f5
17.exf5 Bxf5 18.Ng3 Bd7 19.Nde4 Ra6 20.axb4 cxb4 21.c5 dxc5 22.Bxa6 Nxa6
23.Nd6+ Kf8 24.Qd3 Nc7 25.Rxa5 Be6 26.dxe6 {#r} 1-0

[Event "It (open)"]
[Site "masterchessopen.com – Rewal (Poland)"]
[Date "2009.08.20"]
[Round "1"]
[White "Muc Marcin (POL)"]
[Black "Bulski Krzysztof (POL)"]
[Result "0-1"]
[WhiteElo "2114"]
[BlackElo "2392"]

1.d4 Nf6 2.Nf3 e6 3.c4 c5 4.d5 b5 5.cxb5 a6 6.dxe6 fxe6 7.b6 Qxb6 8.Nc3 d5
9.e3 Bd6 10.Be2 O-O 11.O-O Bb7 12.b3 Nbd7 13.Ba3 Rac8 14.Rc1 Qa5 15.Bb2 Bb8
16.Rc2 Kh8 17.Qc1 Qc7 18.g3 d4 {#R} 0-1

[Event "It (open)"]
[Site "masterchessopen.com – Barcelona (Spain)"]
[Date "2009.08.21"]
[Round "1"]
[White "Humburg Christoph (GER)"]
[Black "Alsina Leal Daniel (ESP)"]
[Result "0-1"]
[WhiteElo "2089"]
[BlackElo "2529"]

1.d4 Nf6 2.Nf3 c5 3.d5 e6 4.c4 b5 5.Bg5 exd5 6.cxd5 d6 7.g3 Nbd7 8.Bg2 Be7
9.O-O O-O 10.Re1 Re8 11.Nfd2 Bb7 12.Bxf6 Nxf6 13.e4 Nd7 14.f4 Bf6 15.Nc3 c4
16.Kh1 Qb6 17.Rc1 Nc5 18.Bf1 Re7 19.g4 Bxc3 20.Rxc3 Rae8 21.Bg2 Bxd5 {#R} 0-1

[Event "Ch Montenegro (team) (Premier League)"]
[Site "masterchessopen.com – Cetinje (Montenegro)"]
[Date "2009.08.22"]
[Round "2"]
[White "Blagojevic Dragisa (MNE)"]
[Black "Bozovic Nikola (MNE)"]
[Result "1-0"]
[WhiteElo "2545"]
[BlackElo "2256"]

1.d4 Nf6 2.c4 e6 3.Nf3 c5 4.d5 b5 5.Bg5 exd5 6.cxd5 h6 7.Bxf6 Qxf6 8.Qc2 d6
9.e4 Bd7 10.a4 b4 11.Nbd2 Be7 12.Bd3 O-O 13.O-O Bg4 14.e5 dxe5 15.Ne4 Qf4
16.Nfd2 h5 17.h3 Bf5 18.d6 Bd8 19.Nxc5 Bxd3 20.Qxd3 Bb6 21.Ndb3 Nc6 22.Rad1
Nd4 23.Nxd4 Bxc5 24.Ne2 Qf6 25.Qd5 Rac8 26.d7 {#r} 1-0

[Event "It (open)"]
[Site "masterchessopen.com – Ricany (Czech Republic)"]
[Date "2009.08.23"]
[Round "3"]
[White "Voracek Zdenek (CZE)"]
[Black "Kovar Vojtech (CZE)"]
[Result "0-1"]
[WhiteElo "2075"]
[BlackElo "2328"]

1.d4 Nf6 2.c4 e6 3.Nf3 c5 4.d5 b5 5.e3 Bb7 6.dxe6 fxe6 7.cxb5 d5 8.b3 Bd6
9.Bb2 Nbd7 10.Nbd2 O-O 11.e4 Qc7 12.exd5 exd5 13.Be2 Rae8 14.O-O Kh8 15.Rc1
Ne4 16.h3 Ndf6 17.a4 Qe7 18.Re1 Nxf2 19.Bxf6 Qe3 20.Nc4 Nxh3+ {#R} 0-1

[Event "It \"]
[Site "masterchessopen.com – Alushta (Ukraine)"]
[Round "3"]
[White "Raykhman Alexander (GER)"]
[Black "Iljin Timofey (UKR)"]
[Result "0-1"]
[WhiteElo "2274"]
[BlackElo "2397"]

1.d4 Nf6 2.c4 e6 3.Nf3 c5 4.d5 b5 5.dxe6 fxe6 6.cxb5 d5 7.e3 Bd6 8.Nbd2 O-O
9.Be2 a6 10.O-O axb5 11.Bxb5 Bb7 12.Be2 Nc6 13.b3 Kh8 14.Bb2 e5 15.e4 Nxe4
16.Nxe4 dxe4 17.Nd2 Nd4 18.Nc4 Bc7 19.Ne3 Qh4 20.Bc4 Rf4 21.Bd5 Ba6 22.Bc4
Bxc4 23.bxc4 Raf8 24.Qd2 Ba5 25.Qd1 Rxf2 26.Ba3 Nf3+ {#R} 0-1

[Event "It \"]
[Site "masterchessopen.com – Cairo (Egypt)"]
[Date "2009.09.08"]
[Round "5"]
[White "Elbasuny Fahmy (EGY)"]
[Black "Mansour Salah (EGY)"]
[Result "0-1"]
[WhiteElo "2231"]
[BlackElo "2146"]

1.d4 Nf6 2.Nf3 c5 3.d5 e6 4.c4 b5 5.a4 b4 6.Bg5 exd5 7.cxd5 d6 8.e4 Be7 9.Nbd2
O-O 10.Be2 Nxd5 11.Bxe7 Nxe7 12.Nc4 d5 13.exd5 Nxd5 14.Qd2 Nc6 15.Rd1 Be6
16.O-O Qf6 17.Qg5 Nd4 18.Qd2 Rad8 19.Nxd4 Nf4 20.b3 Rxd4 21.Qe3 Rfd8 22.Rc1
Bd5 23.Bf3 Rd3 24.Bxd5 Rxe3 25.fxe3 Ne2+ {#R} 0-1

[Event "Ch Finland (team) 2009/10 (I Division)"]
[Site "masterchessopen.com – Finland"]
[Date "2009.09.20"]
[Round "3"]
[White "Savola Laura (FIN)"]
[Black "Pitkaaho Aki (FIN)"]
[Result "0-1"]
[WhiteElo "2052"]
[BlackElo "2141"]

1.d4 e6 2.c4 Nf6 3.Nf3 c5 4.d5 b5 5.Bg5 bxc4 6.Nc3 d6 7.e4 e5 8.Bxc4 Be7 9.O-O
O-O 10.Nd2 Nbd7 11.f4 h6 12.Bxf6 Bxf6 13.f5 Rb8 14.b3 Qa5 15.Rf3 Bg5 16.Be2
Nb6 17.Rc1 Ba6 18.Rc2 Rfc8 19.Qf1 Bxe2 20.Qxe2 c4 21.bxc4 Bxd2 22.Qxd2 Nxc4
23.Qc1 Na3 24.Rb2 Nb5 25.Qb1 Rxc3 26.Rxc3 Qxc3 27.Rxb5 Qd4+ {#R} 0-1

[Event "It (open)"]
[Site "masterchessopen.com – Chemnitz (Germany)"]
[Date "2009.10.02"]
[Round "2"]
[White "Wetzel Robert H (USA)"]
[Black "Wagner Florian (GER)"]
[Result "0-1"]
[WhiteElo "2044"]
[BlackElo "2323"]

1.d4 Nf6 2.Nf3 c5 3.d5 e6 4.c4 b5 5.Bg5 exd5 6.cxd5 d6 7.e4 a6 8.a4 Be7 9.axb5
Nxe4 10.Be3 O-O 11.Bd3 Nf6 12.Nc3 Bb7 13.bxa6 Nxa6 14.O-O Nb4 15.Rxa8 Qxa8
16.Re1 Nfxd5 17.Nxd5 Nxd5 18.Nh4 Nxe3 19.Qh5 Be4 20.Bxe4 Qxe4 21.Nf3 Qf5
22.Qxf5 Nxf5 23.g4 Nh4 24.Rxe7 Nxf3+ 25.Kg2 Ne5 26.f4 Nxg4 27.Rd7 Ne3+ 28.Kf3
Nf5 {#R} 0-1

[Event "It (open)"]
[Site "masterchessopen.com – Zdar nad Sazavou (Czech Republic)"]
[Date "2009.10.02"]
[Round "8"]
[White "Malecek Jiri (CZE)"]
[Black "Skokan Frantisek (CZE)"]
[Result "0-1"]
[WhiteElo "2062"]
[BlackElo "1854"]

1.d4 Nf6 2.Nf3 e6 3.c4 c5 4.d5 b5 5.Qc2 bxc4 6.dxe6 fxe6 7.e4 Bb7 8.Nc3 d5
9.e5 Nfd7 10.Bf4 Be7 11.O-O-O Nc6 12.a3 g5 13.Nxd5 exd5 14.Rxd5 Nd4 15.Rxd4
cxd4 16.Qf5 Bxf3 17.gxf3 Qa5 18.Bxc4 Rf8 19.Qxh7 Rxf4 20.Qg6+ Kd8 21.Kb1 Nxe5
{#R} 0-1

[Event "Memorial M.Chigorin (open)"]
[Site "masterchessopen.com – St. Petersburg (Russia)"]
[Date "2009.10.22"]
[Round "7"]
[White "Malakhatko Vadim (BEL)"]
[Black "Babujian Levon (ARM)"]
[Result "0-1"]
[WhiteElo "2570"]
[BlackElo "2515"]

1.d4 Nf6 2.c4 e6 3.Nf3 c5 4.d5 b5 5.dxe6 fxe6 6.cxb5 d5 7.Nc3 Nbd7 8.e4 d4
9.e5 Ng4 10.Ng5 Ndxe5 11.Nce4 Bb7 12.f4 Bxe4 13.Nxe4 Qd5 14.Ng5 c4 15.Bd2 d3
16.h3 Nf6 17.Qa4 Ned7 18.b3 Nb6 19.Qa6 Bc5 20.Rc1 O-O 21.bxc4 Qd4 22.Kd1 Ne4
23.Nxe4 Qxe4 24.Rc3 Rfd8 {#R} 0-1

[Event "Tournament \"]
[Site "masterchessopen.com – Habana (Cuba)"]
[Date "2009.11.12"]
[Round "8"]
[White "Ragolta Eduardo (CUB)"]
[Black "Hernandez Holman (CUB)"]
[Result "1-0"]
[WhiteElo "2212"]
[BlackElo "2142"]

1.d4 Nf6 2.c4 e6 3.Nf3 c5 4.d5 b5 5.a4 bxc4 6.Nc3 exd5 7.Nxd5 Bb7 8.e4 Nxe4
9.Bxc4 Bd6 10.O-O O-O 11.Re1 Re8 12.Qd3 Bxh2+ 13.Nxh2 Nd6 14.Rxe8+ Nxe8 15.Nf3
h6 16.Bxh6 gxh6 17.Re1 Nf6 18.Ne7+ Kg7 19.Nf5+ Kf8 20.Qd6+ Kg8 21.Bxf7+ Kxf7
22.Ng5+ {#r} 1-0

[Event "Tournament (open)"]
[Site "masterchessopen.com – Las Palmas (Spain)"]
[Date "2009.11.18"]
[Round "4"]
[White "Navarro Molina David (ESP)"]
[Black "Caritg Creus Carlos (ESP)"]
[Result "1-0"]
[WhiteElo "1855"]
[BlackElo "1730"]

1.d4 Nf6 2.Nf3 e6 3.c4 c5 4.d5 b5 5.dxe6 fxe6 6.cxb5 d5 7.e3 Bd6 8.Nc3 O-O
9.Bd3 Nbd7 10.Qe2 Qe8 11.e4 Qh5 12.h3 Ne5 13.Nxe5 Bxe5 14.Qxh5 Nxh5 15.exd5
Bxc3+ 16.bxc3 exd5 17.O-O Bb7 18.Re1 Rfe8 19.Be3 {#r} 1-0

[Event "Czech League 2009/10 (2nd) (d)"]
[Site "masterchessopen.com – Czech Republic"]
[Date "2009.12.06"]
[Round "4"]
[White "Goth Jiri"]
[Black "Ringel Zbynek (CZE)"]
[Result "0-1"]
[WhiteElo "2128"]
[BlackElo "2234"]

1.d4 Nf6 2.c4 c5 3.d5 b5 4.Nf3 e6 5.a4 bxc4 6.Nc3 exd5 7.Nxd5 Bb7 8.e4 Nxd5
9.exd5 Be7 10.Bxc4 O-O 11.O-O Bf6 12.Bf4 Na6 13.Bd6 Re8 14.a5 Rc8 15.Qb3 Nb4
16.Rfc1 Re4 17.Bxc5 Rxc5 18.Qxb4 Qc8 19.Nd2 Rd4 20.Re1 Rxd2 21.Qxd2 Rxc4
22.Qe3 g6 23.Qxa7 Bd4 24.Re8+ Qxe8 25.Qxb7 Bxf2+ {#R} 0-1

[Event "It (open)"]
[Site "masterchessopen.com – Basel (Switzerland)"]
[Date "2010.01.02"]
[Round "3"]
[White "Wirz Heinz (SUI)"]
[Black "Milliet Sophie (FRA)"]
[Result "0-1"]
[WhiteElo "2118"]
[BlackElo "2388"]

1.d4 Nf6 2.Nf3 e6 3.c4 c5 4.d5 b5 5.dxe6 fxe6 6.cxb5 d5 7.e3 Be7 8.Be2 O-O
9.O-O a6 10.Nbd2 c4 11.bxa6 Bxa6 12.Nd4 Qb6 13.N2f3 Ne4 14.Nd2 Nc5 15.f4 Nbd7
16.N2f3 Bf6 17.g4 g6 18.h4 e5 19.fxe5 Nxe5 20.Nxe5 Bxe5 21.Nf3 Qd6 22.Kg2 Bg7
23.Qc2 Ne4 24.Bd1 Qg3+ 25.Kh1 c3 {#R} 0-1

[Event "Tournament (open) \"]
[Site "masterchessopen.com – Moscow (Russia)"]
[Date "2010.01.09"]
[Round "6"]
[White "Azizyan Genrikh (RUS)"]
[Black "Bondar Alexey (BLR)"]
[Result "0-1"]
[WhiteElo "2075"]
[BlackElo "2188"]

1.d4 Nf6 2.c4 e6 3.Nf3 c5 4.d5 b5 5.dxe6 fxe6 6.cxb5 d5 7.e3 Bd6 8.Be2 Nbd7
9.Nc3 Qe7 10.b3 O-O 11.Bb2 Bb7 12.Qd2 e5 13.h3 d4 14.Bc4+ Kh8 15.Ne2 Ne4
16.Qc2 Nxf2 17.Kxf2 e4 18.Nxd4 cxd4 19.Bxd4 Qh4+ {#R} 0-1

[Event "It \"]
[Site "masterchessopen.com – Uljanovsk (Russia)"]
[Date "2010.01.09"]
[Round "8"]
[White "Anikin Victor (RUS)"]
[Black "Triapkin Pavel (RUS)"]
[Result "0-1"]
[WhiteElo "1862"]
[BlackElo "2346"]

1.d4 Nf6 2.Nf3 c5 3.d5 e6 4.c4 b5 5.b3 Nxd5 6.cxd5 Qf6 7.Nd4 cxd4 8.Bb2 Bb4+
9.Nd2 exd5 10.Qc2 Nc6 11.a3 Bc3 12.Rc1 b4 13.f3 O-O 14.a4 Re8 15.Kd1 d3 {#R}
0-1

[Event "Ch Europe (seniors) (team)"]
[Site "masterchessopen.com – Dresden (Germany)"]
[Date "2010.02.11"]
[Round "2"]
[White "Weber Bernd Dr (GER)"]
[Black "Finnlaugsson Gunnar (ISL)"]
[Result "1-0"]
[WhiteElo "2144"]
[BlackElo "2072"]

1.d4 Nf6 2.Nf3 c5 3.d5 e6 4.c4 b5 5.dxe6 fxe6 6.cxb5 d5 7.e3 Bd6 8.Nc3 Nbd7
9.Qc2 Qe7 10.b3 Bb7 11.Bb2 O-O 12.Bd3 Rac8 13.O-O Kh8 14.Rae1 Ng4 15.Qe2 Rxf3
16.Qxf3 Nxh2 17.Qh3 Nf6 18.e4 Be5 19.exd5 exd5 20.Rxe5 Qxe5 21.Qxh2 Qg5 22.Bc1
Qg4 23.Qh3 Qd4 24.Bg5 Qxc3 25.Bxf6 {#r} 1-0

[Event "Ch Finland (team) 2009/10 (I Division)"]
[Site "masterchessopen.com – Finland"]
[Date "2010.02.13"]
[Round "6"]
[White "Hynninen Juha (FIN)"]
[Black "Tuomala Timo (FIN)"]
[Result "0-1"]
[WhiteElo "2154"]
[BlackElo "2232"]

1.d4 e6 2.c4 Nf6 3.Nf3 c5 4.d5 b5 5.dxe6 fxe6 6.cxb5 d5 7.e3 Bd6 8.Nc3 Bb7
9.e4 Nbd7 10.exd5 exd5 11.Bg5 O-O 12.Be2 Qc7 13.Bh4 Rae8 14.Kf1 d4 15.Nb1 Nd5
16.Bg3 Nf4 17.Bxf4 Bxf4 18.Nbd2 Kh8 19.Ne1 Ne5 20.Ndf3 Ng4 21.b3 Be3 22.Nd3
Bxf2 23.Qc1 Be3 24.Qxc5 Nxh2+ 25.Ke1 Nxf3+ 26.gxf3 Qg3+ 27.Kd1 Bxf3 {#R} 0-1

[Event "Tournament (Elo)"]
[Site "masterchessopen.com – Ukhta (Russia)"]
[Date "2010.04.03"]
[Round "1"]
[White "Volkov Sergei (RUS)"]
[Black "Rudenko Vasily (RUS)"]
[Result "1-0"]
[WhiteElo "2213"]
[BlackElo "1892"]

1.d4 Nf6 2.c4 e6 3.Nf3 c5 4.d5 b5 5.Bg5 bxc4 6.e4 Qa5+ 7.Bd2 Qb6 8.Nc3 d6
9.Bxc4 e5 10.O-O Ba6 11.Qa4+ Nfd7 12.Nb5 Qb7 13.Ba5 Bxb5 14.Bxb5 Ke7 15.Bc6
Qa6 16.Bxa8 Nb6 17.Qa3 Nxa8 18.Rac1 g6 19.b4 Bh6 20.Rc2 c4 21.Nxe5 Nb6 22.Ng4
Bg7 23.e5 Nxd5 24.b5 Qxb5 25.Qxd6+ {#r} 1-0

[Event "Memorial Asenova-Ivanova (open)"]
[Site "masterchessopen.com – Sofia (Bulgaria)"]
[Date "2010.04.23"]
[Round "4"]
[White "Vasileva Veselina (BUL)"]
[Black "Nikolov Savko (BUL)"]
[Result "0-1"]
[WhiteElo "1561"]
[BlackElo "1935"]

1.d4 Nf6 2.c4 e6 3.Nf3 c5 4.d5 b5 5.e3 Bb7 6.dxe6 fxe6 7.Nbd2 b4 8.Bd3 d5
9.O-O Bd6 10.Qc2 O-O 11.e4 Nbd7 12.Ng5 Qe8 13.exd5 Qh5 14.Ndf3 exd5 15.cxd5 h6
16.Ne4 Nxe4 17.Bxe4 Rxf3 {#R} 0-1

[Event "It (open)"]
[Site "masterchessopen.com – Elancourt (France)"]
[Date "2010.05.02"]
[Round "9"]
[White "Lechifflart Alain (FRA)"]
[Black "Richert Clement (FRA)"]
[Result "0-1"]
[WhiteElo "1995"]
[BlackElo "2169"]

1.d4 Nf6 2.c4 e6 3.Nf3 c5 4.d5 b5 5.dxe6 fxe6 6.Bg5 Qa5+ 7.Qd2 Qxd2+ 8.Nbxd2
bxc4 9.Nxc4 d5 10.Nce5 Bd6 11.e3 O-O 12.Bb5 Ne4 13.Bf4 Na6 14.Nc6 Bxf4 15.exf4
Nc7 16.Ne7+ Kf7 17.Nxc8 Nxb5 18.Ne5+ Ke8 19.f3 Rxc8 20.fxe4 Rxf4 21.O-O-O Rxe4
22.Rhe1 Rxe1 23.Rxe1 Ke7 24.g4 Rf8 25.Nd3 Kd6 26.Kd2 c4 {#R} 0-1

[Event "Ch Hungary (w)"]
[Site "masterchessopen.com – Nagykanizsa (Hungary)"]
[Date "2010.05.17"]
[Round "4"]
[White "Erdos Boglarka (HUN)"]
[Black "Schneider Veronika (HUN)"]
[Result "0-1"]
[WhiteElo "2154"]
[BlackElo "2251"]

1.d4 Nf6 2.c4 e6 3.Nf3 c5 4.d5 b5 5.Qc2 bxc4 6.e4 exd5 7.exd5 Nxd5 8.Bxc4 Nf6
9.O-O Be7 10.Nc3 O-O 11.Nd5 Bb7 12.Nxe7+ Qxe7 13.Re1 Qd8 14.Bg5 h6 15.Bh4 Bxf3
16.gxf3 Nc6 17.Kh1 Nd4 18.Qd1 Qb6 19.Rg1 Qc6 20.Rg2 Nh5 21.Bd3 Nxf3 22.Bg3
Rae8 23.Be2 Nxg3+ 24.fxg3 Nd4 25.Bd3 Re3 26.Qd2 Rfe8 27.Rf1 Nf3 {#R} 0-1

[Event "Ch Germany (juniors) (Internet) (under 18) (qual1)"]
[Site "masterchessopen.com – Internet"]
[Date "2010.06.02"]
[Round "1"]
[White "Schwedeck Tony"]
[Black "Gruenter Martin (GER)"]
[Result "0-1"]
[WhiteElo "1503"]
[BlackElo "2178"]

1.d4 Nf6 2.c4 e6 3.Nf3 c5 4.d5 b5 5.dxe6 fxe6 6.e3 bxc4 7.Bxc4 d5 8.Bb5+ Bd7
9.Bxd7+ Nbxd7 10.O-O Bd6 11.b3 O-O 12.Bb2 Qe7 13.Nbd2 Ng4 14.h3 Nge5 15.Nxe5
Nxe5 16.Nf3 Nxf3+ 17.Qxf3 Rxf3 {#R} 0-1

[Event "Ch Norway"]
[Site "masterchessopen.com – Fredrikstad (Norway)"]
[Date "2010.07.07"]
[Round "6"]
[White "Elsness Frode (NOR)"]
[Black "Sahl Bjarke (NOR)"]
[Result "1-0"]
[WhiteElo "2485"]
[BlackElo "2259"]

1.d4 Nf6 2.c4 e6 3.Nf3 c5 4.d5 b5 5.Bg5 b4 6.a3 h6 7.Bh4 Qb6 8.Bxf6 gxf6 9.e4
a5 10.Bd3 Na6 11.O-O Bb7 12.Re1 Rg8 13.Nbd2 O-O-O 14.axb4 axb4 15.Nb3 Bd6
16.Ra5 Nc7 17.Qa1 Rg4 18.Qa4 Rdg8 19.Bf1 f5 20.e5 Bf8 21.Rd1 exd5 22.cxd5 c4
23.Nbd2 Nxd5 24.Nxc4 Qe6 25.Rdxd5 {#r} 1-0

[Event "It (open) \"]
[Site "masterchessopen.com – Agios Kirykos (Greece)"]
[Date "2010.07.18"]
[Round "6"]
[White "Dirlis Nikolaos (GRE)"]
[Black "Valden Petros (GRE)"]
[Result "0-1"]
[WhiteElo "1847"]
[BlackElo "2159"]

1.d4 Nf6 2.c4 c5 3.d5 b5 4.Nf3 e6 5.dxe6 fxe6 6.cxb5 a6 7.e3 d5 8.Nbd2 Qa5
9.a4 c4 10.bxa6 Nxa6 11.Be2 Nc5 12.O-O Be7 13.b3 c3 14.Bb5+ Qxb5 15.axb5 Rxa1
16.Nc4 dxc4 17.bxc4 Ra2 18.Nd4 Bb7 19.f3 O-O 20.Qe1 Bd8 21.Qg3 Rf7 22.e4 Bc7
23.Qg5 Nfd7 24.Qe3 Bb6 25.Kh1 Nb3 {#R} 0-1

[Event "It (cat.1)"]
[Site "masterchessopen.com – Ekaterinburg (Russia)"]
[Date "2010.07.24"]
[Round "10"]
[White "Kozlov Oleg (RUS)"]
[Black "Onischuk Nastja (UKR)"]
[Result "1-0"]
[WhiteElo "2296"]
[BlackElo "2208"]

1.d4 Nf6 2.Nf3 c5 3.d5 e6 4.c4 b5 5.Bg5 bxc4 6.Nc3 Bb7 7.e4 h6 8.Bh4 g5 9.Bg3
exd5 10.exd5 d6 11.Bxc4 Be7 12.O-O O-O 13.Qd3 Nbd7 14.Rfe1 Nb6 15.b3 Nfd7
16.Rxe7 Qxe7 17.Re1 Ne5 18.Nxe5 dxe5 19.d6 Qd7 20.Qg6+ Kh8 21.Qxh6+ Kg8
22.Bxe5 {#r} 1-0

[Event "It (open)"]
[Site "masterchessopen.com – Paleochora (Greece)"]
[Date "2010.07.25"]
[Round "5"]
[White "Rychagov Andrey (RUS)"]
[Black "David Alberto (LUX)"]
[Result "1-0"]
[WhiteElo "2568"]
[BlackElo "2589"]

1.d4 Nf6 2.c4 e6 3.Nf3 c5 4.d5 b5 5.dxe6 fxe6 6.cxb5 d5 7.Nbd2 a6 8.e4 c4
9.bxa6 Bc5 10.Be2 Bxf2+ 11.Kxf2 Ng4+ 12.Kg3 h5 13.e5 Ne3 14.Qg1 Nf5+ 15.Kh3
Nc6 16.Nxc4 O-O 17.Bg5 Qe8 18.Nb6 Bxa6 19.Bxa6 Rxa6 20.Qc5 Qg6 21.Rhf1 Nd6
22.exd6 Qf5+ 23.Kg3 Qg4+ 24.Kf2 Nd4 25.Kg1 {#r} 1-0

[Event "It (open)"]
[Site "masterchessopen.com – Pardubice (Czech Republic)"]
[Date "2010.07.25"]
[Round "3"]
[White "Jorczik Julian (GER)"]
[Black "Pfretzschner Roland (GER)"]
[Result "1-0"]
[WhiteElo "2398"]
[BlackElo "2243"]

1.d4 Nf6 2.Nf3 e6 3.c4 c5 4.d5 b5 5.Bg5 b4 6.e4 d6 7.Nbd2 Be7 8.Bd3 O-O 9.O-O
Nxd5 10.exd5 Bxg5 11.dxe6 f5 12.Nxg5 Qxg5 13.Qf3 Bxe6 14.Qxa8 Qxd2 15.Rad1
Qxb2 16.Rfe1 Qf6 17.Qxa7 Rc8 18.Bf1 Nc6 19.Qa6 Bd7 20.Rd5 Rd8 21.Qb6 h6 22.Qc7
Be8 23.Rxe8+ Rxe8 24.Qxc6 Re1 25.Rxd6 Qe5 26.Qd5+ {#r} 1-0

[Event "It (open)"]
[Site "masterchessopen.com – Brasschaat (Belgium)"]
[Date "2010.08.16"]
[Round "3"]
[White "Kirana Marco (NED)"]
[Black "Piceu Tom (BEL)"]
[Result "1-0"]
[WhiteElo "2108"]
[BlackElo "2330"]

1.Nf3 Nf6 2.d4 c5 3.d5 e6 4.c4 b5 5.dxe6 fxe6 6.cxb5 d5 7.e3 Bd6 8.Nc3 O-O
9.Be2 Bb7 10.O-O Kh8 11.e4 Nbd7 12.Ng5 Qe7 13.f4 Nxe4 14.Ncxe4 dxe4 15.Bc4 Nb6
16.Bxe6 c4 17.f5 Bc5+ 18.Kh1 Rad8 19.Qe2 Rf6 20.Nxh7 Rxe6 21.fxe6 Kxh7 22.Qh5+
Kg8 23.Bg5 Rd5 24.Bxe7 Rxh5 25.Rf8+ {#r} 1-0

[Event "Tournament (open)"]
[Site "masterchessopen.com – Novosibirsk (Russia)"]
[Date "2010.09.07"]
[Round "2"]
[White "Tulupov Mikhail (RUS)"]
[Black "Ershov Kirill (RUS)"]
[Result "0-1"]
[WhiteElo "1705"]
[BlackElo "1866"]

1.d4 Nf6 2.c4 c5 3.d5 b5 4.Nf3 e6 5.b3 Bb7 6.Bg5 h6 7.Bd2 exd5 8.cxb5 Be7 9.e3
O-O 10.Be2 Ne4 11.O-O Bf6 12.Na3 Bxa1 13.Qxa1 Nxd2 14.Nxd2 d6 15.Bf3 Nd7
16.Nac4 Nb6 17.a4 Nxc4 18.Nxc4 dxc4 19.Bxb7 Rb8 20.Bc6 cxb3 21.Qc3 Qc7 22.Qxb3
Qxc6 {#R} 0-1

[Event "Tournament (open)"]
[Site "masterchessopen.com – Kstovo (Russia)"]
[Date "2010.09.09"]
[Round "6"]
[White "Gorozhanin Mikhail (RUS)"]
[Black "Taskin Sergey (RUS)"]
[Result "1-0"]
[WhiteElo "2125"]
[BlackElo "2015"]

1.Nf3 Nf6 2.d4 c5 3.d5 e6 4.c4 b5 5.Bg5 Bb7 6.Nc3 b4 7.Ne4 h6 8.Nxf6+ gxf6
9.Bh4 Bg7 10.g3 d6 11.Bg2 a5 12.O-O Qd7 13.e4 e5 14.Nd2 Bc8 15.f4 Qg4 16.Bf3
Qg6 17.Bh5 Qh7 18.fxe5 f5 19.e6 O-O 20.Bxf7+ Rxf7 21.exf7+ Kxf7 22.exf5 Bxb2
23.Qh5+ Kf8 24.Rae1 Be5 25.Ne4 Nd7 26.Ng5 {#r} 1-0

[Event "Ch Europe (juniors) (under 18)"]
[Site "masterchessopen.com – Batumi (Georgia)"]
[Date "2010.09.26"]
[Round "7"]
[White "Tamazyan Haik (ARM)"]
[Black "Kuchynka Lukas (CZE)"]
[Result "1-0"]
[WhiteElo "2151"]
[BlackElo "2306"]

1.Nf3 Nf6 2.d4 e6 3.c4 c5 4.d5 b5 5.Bg5 exd5 6.cxd5 h6 7.Bh4 Bb7 8.e4 Qe7 9.e5
g5 10.d6 Qe6 11.Bg3 Ne4 12.Bxb5 f5 13.Na3 f4 14.Bc4 Qf5 15.Nb5 Na6 16.Bd5 Bxd5
17.Qxd5 Rb8 18.Nc7+ Nxc7 19.dxc7 Rc8 20.O-O-O Rxc7 21.Rhe1 fxg3 22.fxg3 c4
23.Nd4 Qf2 24.Re2 Qf7 25.e6 dxe6 26.Rxe4 Be7 27.Nxe6 {#r} 1-0